Revista de música latinoamericana Latin American music review.
| Título anterior: | Anuario interamericano de investigación musical (Online) |
|---|---|
| Formato: | Electrónico Revista |
| Lenguaje: | inglés portugués español |
| Publicado: |
Austin, TX :
University of Texas Press,
1980-
|
| Materias: | |
| Acceso en línea: | Full text available from Research Library: 04/01/2002 to 1 year ago Full text available from PRISMA Database with HAPI Index: 04/01/2002 to 10/31/2016 |
MARC
| LEADER | 00000nas a2200000 a 4500 | ||
|---|---|---|---|
| 001 | ssj0009465 | ||
| 003 | WaSeSS | ||
| 005 | 20200512172242.0 | ||
| 006 | m d | ||
| 007 | cr n | ||
| 008 | 010418c19809999txufx pss 0 b0eng c | ||
| 010 | |a 2001211163 | ||
| 016 | 7 | |a 022591389 |2 DE-101 | |
| 016 | 7 | |a 2057750-3 |2 DE-600 | |
| 016 | 7 | |a 2057750 3 |2 DE-600 | |
| 016 | 7 | |a 022591389 |2 de-101 | |
| 016 | 7 | |a 20577503 |2 de-600 | |
| 022 | |a 1536-0199 |l 0163-0350 |y 0163-0350 | ||
| 035 | |a (WaSeSS)ssj0009465 | ||
| 037 | |b Project Muse, 2715 N. Charles St., Baltimore, MD 21218-4363 | ||
| 040 | |a JHE |b eng |c JHE |d NSD |d OCLCQ |d NSD |d DLC |d EYM |d HLS |d OCLCQ |d MUQ |d OCLCQ |d OCLCS |d OCLCQ |d OCLCO |d OCLCQ |d GBVCP |d OCLCQ |d OCLCF |d HUL |d OCLCE |d VT2 |d ADU |d OCL |d OCLCQ |d DEBBG |d ZAC |d U3W |d UUM |d OCLCQ |d BRL |d NTG |d WYU |d AUD |d UHL |d OCLCQ |d SFB |d OCLCO |d WaSeSS | ||
| 041 | 0 | |a eng |a por |a spa | |
| 042 | |a nsdp |a pcc |a dlr | ||
| 043 | |a cl----- | ||
| 050 | 1 | 4 | |a ML199 |
| 082 | 1 | 0 | |a 781 |2 13 |
| 130 | 0 | |a Revista de música latinoamericana (Online) | |
| 210 | 0 | |a Rev. musica latinoam. |b (Online) | |
| 222 | 0 | |a Revista de música latinoamericana |b (Online) | |
| 245 | 1 | 0 | |a Revista de música latinoamericana |h [electronic resource] = |b Latin American music review. |
| 246 | 3 | 1 | |a Latin American music review |
| 260 | |a Austin, TX : |b University of Texas Press, |c 1980- | ||
| 310 | |a Two no. a year | ||
| 362 | 0 | |a Vol. 1, no. 1 (spring/summer 1980)- | |
| 500 | |a Title from title screen (JSTOR, viewed Oct. 8, 2003). | ||
| 506 | |a License restrictions may limit access. | ||
| 538 | |a Master and use copy. Digital master created according to Benchmark for Faithful Digital Reproductions of Monographs and Serials, Version 1. Digital Library Federation, December 2002. |u http://purl.oclc.org/DLF/benchrepro0212 |5 MiAaHDL | ||
| 538 | |a Mode of access: World Wide Web. | ||
| 546 | |a In English, Portuguese, or Spanish. | ||
| 583 | 1 | |a digitized |c 2010 |h HathiTrust Digital Library |l committed to preserve |2 pda |5 MiAaHDL | |
| 588 | |a Latest issue consulted: Vol. 24, no. 1 (spring/summer 2003) (Project Muse, viewed Oct. 8, 2003). | ||
| 650 | 0 | |a Music |z Latin America |v Periodicals. | |
| 650 | 0 | |a Indians |v Music |v Periodicals. | |
| 650 | 6 | |a Musique |z Amérique latine |x Histoire et critique |v Périodiques. | |
| 650 | 6 | |a Indiens d'Amérique |x Musique |x Histoire et critique |v Périodiques. | |
| 650 | 7 | |a 24.40 musicology: general. |2 bcl | |
| 650 | 7 | |a Indians. |2 fast |0 (OCoLC)fst00969307 | |
| 650 | 7 | |a Music |2 fast |0 (OCoLC)fst01030269 | |
| 650 | 1 | 7 | |a Muziek. |2 gtt |
| 650 | 7 | |a 24.40 musicology: general. |2 nbc | |
| 650 | 7 | |a MUSICA |z AMERICA LATINA |x HISTORIA Y CRITICA |x PUBLICACIONES PERIODICAS. |2 renib | |
| 650 | 7 | |a ETNOMUSICOLOGIA |z AMERICA LATINA |x PUBLICACIONES PERIODICAS. |2 renib | |
| 651 | 7 | |a Latin America. |2 fast |0 (OCoLC)fst01245945 | |
| 655 | 0 | |a Electronic journals. | |
| 776 | 1 | |t Revista de música latinoamericana |x 0163-0350 |w (DLC) 80644355 |w (OCoLC)4287713 | |
| 780 | 0 | 0 | |t Anuario interamericano de investigación musical (Online) |x 2326-3938 |w (DLC) 2004235626 |w (OCoLC)53165323 |
| 856 | 4 | 0 | |z Full text available from Research Library: 04/01/2002 to 1 year ago |u https://search.proquest.com/publication/48178 |
| 856 | 4 | 0 | |z Full text available from PRISMA Database with HAPI Index: 04/01/2002 to 10/31/2016 |u https://search.proquest.com/publication/7887 |